R&D in transformation programme for the natural rubber industry (Record no. 66228)

MARC details
000 -LEADER
fixed length control field 00422nam a2200157Ia 4500
100 ## - MAIN ENTRY--AUTHOR NAME
Personal name Md Said Mohd Akbar
245 #0 - TITLE STATEMENT
Title R&D in transformation programme for the natural rubber industry
260 ## - PUBLICATION, DISTRIBUTION, ETC. (IMPRINT)
Name of publisher The Planter
Year of publication 2012
300 ## - PHYSICAL DESCRIPTION
Number of Pages 629-643
650 ## - SUBJECT ADDED ENTRY--TOPICAL TERM
Topical Term NKEA
650 ## - SUBJECT ADDED ENTRY--TOPICAL TERM
Topical Term Rubber R&D
650 ## - SUBJECT ADDED ENTRY--TOPICAL TERM
Topical Term Transformation programme
700 ## - ADDED ENTRY--PERSONAL NAME
Personal name Abd Ghani Embong
942 ## - ADDED ENTRY ELEMENTS (KOHA)
Koha item type Journals
Holdings
Withdrawn status Lost status Damaged status Not for loan Home library Current library Shelving location Date acquired Serial Enumeration / chronology Koha item type
      Journals RRII Library RRII Library Economics 05/03/2013 Volume 88, Issue 1038 Journals